00775nam a2200241 a 4500001001300000003000900013005001700022008004100039020001000080082002300090100002600113245008100139260004400220300001000264500003500274505001000309650003400319700002600353902000800379942000700387952012400394999001500518nice12345678IN_TiNIC20260116012338.0050524s1990 dela grd 000 0 eng  ac39500a491.439391431bMIS aMisra, Mathura Prasad aTrilingual Dictionaryb Being a Comprehensive Lexicon in English, Urdu and H aDelhibAsian Educational Servicesc1990 a1236p aincludes index and biblioraphy2 aIndex aDictionary-English Urdu Hindi1 aMisra, Mathura Prasad bRHR cBK 001040708ReferHall-aHMIbHMId2007-06-08g395.00l0o491.439391431 MISp014030r2007-06-08v395.00w2005-05-24yBK c6643d6643